[Event "Oberliga NRW 1011"]
[Site "Germany"]
[Date "2011.02.20"]
[Round "7.6"]
[White "Montignies, Rainer"]
[Black "Wittenberg, Andreas"]
[Result "1-0"]
[WhiteElo "2242"]
[BlackElo "2143"]
[PlyCount "37"]
[EventDate "2010.09.26"]
[EventType "team-tourn"]
[EventRounds "9"]
[EventCountry "GER"]
[SourceTitle "EXT 2012"]
[Source "ChessBase"]
[SourceDate "2011.11.24"]
[SourceVersion "1"]
[SourceVersionDate "2011.11.24"]
[SourceQuality "1"]
[WhiteTeam "Duisburg"]
[BlackTeam "Muelheim Nord II"]
[WhiteTeamCountry "GER"]
[BlackTeamCountry "GER"]

1. Nf3 c5 2. e4 g6 3. d4 cxd4 4. Nxd4 Bg7 5. c4 Nc6 6. Be3 d6 7. Nc3 Nf6 8. Be2 0-0 9. Qd2 a6 10. 0-0 Nxd4 11. Bxd4 Be6 12. Rad1 Rc8 13. b3 Re8 14. f4 Qa5 15. Kh1 Nd7 16. Bxg7 Kxg7 17. f5 gxf5 18. exf5 Bxf5 19. Qg5+ 1-0

[Event "NRW Class1 0910"]
[Site "Germany"]
[Date "2010.01.31"]
[Round "6.3"]
[White "Montignies, Rainer"]
[Black "Di Franco, Patricio"]
[Result "1-0"]
[WhiteElo "2196"]
[BlackElo "2118"]
[PlyCount "49"]
[EventDate "2009.09.20"]
[EventType "team-tourn"]
[EventRounds "9"]
[EventCountry "GER"]
[SourceTitle "EXT 2011"]
[Source "ChessBase"]
[SourceDate "2010.11.26"]
[SourceVersion "1"]
[SourceVersionDate "2010.11.26"]
[SourceQuality "1"]
[WhiteTeam "Krefeld Turm"]
[BlackTeam "Koeln Lasker"]
[WhiteTeamCountry "GER"]
[BlackTeamCountry "GER"]

1. Nf3 e6 2. g3 f5 3. Bg2 Nf6 4. c4 Be7 5. 0-0 0-0 6. Nc3 Qe8 7. d3 Nc6 8. e4 fxe4 9. dxe4 Bc5 10. e5 Ng4 11. Ne4 Be7 12. Bf4 Qg6 13. Re1 b6 14. h3 Nh6 15. Neg5 Bb7 16. Qxd7 Bb4 17. Nh4 Qe8 18. Red1 Rc8 19. Be4 Nf5 20. Nxf5 exf5 21. Bd5+ Kh8 22. Qxe8 Rfxe8 23. Nf7+ Kg8 24. Nd6+ Kf8 25. Nxc8 1-0

[Event "NRW Class1 0910"]
[Site "Germany"]
[Date "2009.11.22"]
[Round "3.3"]
[White "Lambrechts, Koen"]
[Black "Montignies, Rainer"]
[Result "1/2-1/2"]
[WhiteElo "2111"]
[BlackElo "2196"]
[PlyCount "78"]
[EventDate "2009.09.20"]
[EventType "team-tourn"]
[EventRounds "9"]
[EventCountry "GER"]
[SourceTitle "EXT 2011"]
[Source "ChessBase"]
[SourceDate "2010.11.26"]
[SourceVersion "1"]
[SourceVersionDate "2010.11.26"]
[SourceQuality "1"]
[WhiteTeam "Rheine"]
[BlackTeam "Krefeld Turm"]
[WhiteTeamCountry "GER"]
[BlackTeamCountry "GER"]

1. e4 e6 2. d4 d5 3. Nc3 Nc6 4. Nf3 Nf6 5. e5 Ne4 6. Bd3 Bb4 7. Bd2 Nxd2 8. Qxd2 Bd7 9. 0-0 f6 10. Qe3 0-0 11. Ne2 fxe5 12. Nxe5 Nxe5 13. dxe5 Qh4 14. Kh1 Ba5 15. f4 Bb6 16. Qd2 Rf7 17. Rf3 g6 18. Raf1 Raf8 19. c3 c5 20. c4 Bc6 21. Rh3 Qd8 22. Qc2 Qd7 23. Kg1 Bc7 24. Rd1 b5 25. cxb5 Bxb5 26. Bxb5 Qxb5 27. Ra3 Bb6 28. Kh1 Kg7 29. Rf3 Qb4 30. h4 c4 31. g3 Rd7 32. Nd4 Bxd4 33. Rxd4 Rb8 34. b3 cxb3 35. Rxb3 Qe1+ 36. Kg2 Rxb3 37. axb3 Qe3 38. Qd3 Qc1 39. Rc4 Qa3 1/2-1/2

[Event "Oberhausen op"]
[Site "Oberhausen"]
[Date "2009.04.10"]
[Round "3"]
[White "Montignies, Rainer"]
[Black "Hausrath, Daniel"]
[Result "0-1"]
[WhiteElo "2187"]
[BlackElo "2493"]
[PlyCount "46"]
[EventDate "2009.04.09"]
[EventType "swiss"]
[EventRounds "7"]
[EventCountry "GER"]
[SourceTitle "CBM 129 Extra"]
[Source "ChessBase"]
[SourceDate "2009.05.05"]
[SourceVersion "2"]
[SourceVersionDate "2009.05.20"]
[SourceQuality "1"]

1. Nf3 Nf6 2. g3 g6 3. b3 Bg7 4. Bb2 c5 5. Bg2 d6 6. c4 e5 7. Nc3 Nc6 8. 0-0 0-0 9. e3 Bf5 10. d4 exd4 11. exd4 Ne4 12. Nxe4 Bxe4 13. Qd2 Qf6 14. Qe3 Rae8 15. Rae1 cxd4 16. Qg5 Qxg5 17. Nxg5 Bd3 18. Rxe8 Rxe8 19. Bd5 Re7 20. Rd1 Be2 21. Rd2 d3 22. Bxg7 Kxg7 23. Ne4 Bf3 0-1

[Event "Goch op 19th"]
[Site "Goch"]
[Date "2008.10.12"]
[Round "6"]
[White "Weber, Rolf"]
[Black "Montignies, Rainer"]
[Result "0-1"]
[WhiteElo "2049"]
[BlackElo "2176"]
[PlyCount "58"]
[EventDate "2008.10.09"]
[EventType "swiss"]
[EventRounds "7"]
[EventCountry "GER"]
[SourceTitle "EXT 2011"]
[Source "ChessBase"]
[SourceDate "2010.11.26"]
[SourceVersion "1"]
[SourceVersionDate "2010.11.26"]
[SourceQuality "1"]

1. e4 c5 2. c3 Nf6 3. e5 Nd5 4. d4 cxd4 5. Nf3 e6 6. cxd4 d6 7. Nc3 Nxc3 8. bxc3 Nd7 9. exd6 Bxd6 10. Bd3 Qc7 11. Bd2 b6 12. Ng5 Nf6 13. Ne4 Be7 14. Qf3 Nxe4 15. Qxe4 Rb8 16. 0-0 Bb7 17. Qg4 g6 18. Bh6 Bf8 19. Qh3 Bxh6 20. Qxh6 Qc6 21. Qh3 0-0 22. Rac1 Rfd8 23. Rfe1 Rbc8 24. Bf1 Qd5 25. Qh6 Qf5 26. Re3 Qf6 27. h4 Rd5 28. g4 Rxd4 29. Rg3 Qf4 0-1

[Event "Goch op 19th"]
[Site "Goch"]
[Date "2008.10.09"]
[Round "1"]
[White "Montignies, Rainer"]
[Black "Bosbach, Jens"]
[Result "1/2-1/2"]
[WhiteElo "2176"]
[BlackElo "1847"]
[PlyCount "88"]
[EventDate "2008.10.09"]
[EventType "swiss"]
[EventRounds "7"]
[EventCountry "GER"]
[SourceTitle "EXT 2011"]
[Source "ChessBase"]
[SourceDate "2010.11.26"]
[SourceVersion "1"]
[SourceVersionDate "2010.11.26"]
[SourceQuality "1"]

1. Nf3 d5 2. g3 Nf6 3. Bg2 e6 4. c4 Be7 5. 0-0 0-0 6. d4 c6 7. Qc2 Nbd7 8. b3 Ne4 9. Nc3 f5 10. Bb2 Ndf6 11. Ne5 Bd7 12. c5 Nxc3 13. Bxc3 Qe8 14. b4 Ng4 15. Nd3 g5 16. e3 Qh5 17. h3 Nf6 18. Ne5 Be8 19. f3 Nd7 20. g4 Qh6 21. Nxd7 Bxd7 22. e4 fxg4 23. fxg4 Rxf1+ 24. Rxf1 Rf8 25. Rxf8+ Qxf8 26. Qf2 Qxf2+ 27. Kxf2 a6 28. a4 Bd8 29. b5 axb5 30. axb5 Kf7 31. b6 Bf6 32. Ke3 h6 33. Be1 Bc8 34. Bg3 Kg6 35. Bf3 Kf7 36. Be2 Ke8 37. Bd3 Kf7 38. Bd6 Be7 39. Be5 Bf6 40. Bd6 Be7 41. Bc7 Bf6 42. Be5 Bxe5 43. dxe5 dxe4 44. Bxe4 Kg7 1/2-1/2

[Event "NRW Class1 0708"]
[Site "Germany"]
[Date "2007.12.09"]
[Round "4.6"]
[White "Forchert, Niko"]
[Black "Montignies, Rainer"]
[Result "1/2-1/2"]
[WhiteElo "2185"]
[BlackElo "2141"]
[PlyCount "56"]
[EventDate "2007.09.16"]
[EventType "team"]
[EventRounds "9"]
[EventCountry "GER"]
[SourceTitle "EXT 2009"]
[Source "ChessBase"]
[SourceDate "2008.11.26"]
[SourceVersion "1"]
[SourceVersionDate "2008.11.26"]
[SourceQuality "1"]
[WhiteTeam "Bielefeld"]
[BlackTeam "Krefeld"]
[WhiteTeamCountry "GER"]
[BlackTeamCountry "GER"]

1. d4 d5 2. Nf3 Nf6 3. Bg5 Ne4 4. Bf4 c5 5. e3 Qb6 6. Qc1 Nc6 7. c3 Bg4 8. Nbd2 cxd4 9. Nxd4 Nxd2 10. Qxd2 e6 11. h3 Bh5 12. Bg3 a6 13. Bd3 Be7 14. 0-0 0-0 15. Rfe1 Rfd8 16. Qc2 Bg6 17. Bxg6 hxg6 18. Qb3 Qxb3 19. axb3 Rac8 20. Rad1 Bf6 21. b4 Bxd4 22. exd4 Na7 23. Kf1 Rc6 24. Ke2 Nc8 25. Kd2 Nb6 26. Bf4 Nc4+ 27. Kc2 Rdc8 28. h4 Kf8 1/2-1/2

[Event "NRW Class1 0708"]
[Site "Germany"]
[Date "2007.11.04"]
[Round "3.6"]
[White "Montignies, Rainer"]
[Black "Berndt, Joachim"]
[Result "1-0"]
[WhiteElo "2141"]
[BlackElo "2208"]
[PlyCount "73"]
[EventDate "2007.09.16"]
[EventType "team"]
[EventRounds "9"]
[EventCountry "GER"]
[SourceTitle "EXT 2009"]
[Source "ChessBase"]
[SourceDate "2008.11.26"]
[SourceVersion "1"]
[SourceVersionDate "2008.11.26"]
[SourceQuality "1"]
[WhiteTeam "Krefeld"]
[BlackTeam "Wattenscheid II"]
[WhiteTeamCountry "GER"]
[BlackTeamCountry "GER"]

1. Nf3 d6 2. d4 Bg4 3. c4 Nd7 4. Qb3 Rb8 5. g3 c5 6. d5 Bxf3 7. exf3 g6 8. Bg2 Bg7 9. 0-0 Ngf6 10. Nc3 0-0 11. Re1 b5 12. cxb5 a6 13. a4 Ne5 14. Be3 c4 15. Qa2 axb5 16. axb5 Qc8 17. Red1 Qf5 18. Ba7 Rbc8 19. b6 Nxf3+ 20. Bxf3 Qxf3 21. b7 Rce8 22. Qxc4 e6 23. Qb5 Ng4 24. h3 Nxf2 25. Bxf2 Rb8 26. Rd3 Qf5 27. g4 Qg5 28. Ba7 Be5 29. Rf3 h5 30. Ne4 Qh4 31. Nf2 hxg4 32. Nxg4 Qg5 33. Bxb8 Bd4+ 34. Kh1 Rxb8 35. Qd7 Qxd5 36. Qxf7+ Kh8 37. Ra8 1-0

[Event "NRW Class1 0607"]
[Site "Germany"]
[Date "2007.04.15"]
[Round "8.3"]
[White "Montignies, Rainer"]
[Black "Schirbel, Andreas"]
[Result "0-1"]
[WhiteElo "2124"]
[BlackElo "2266"]
[PlyCount "110"]
[EventDate "2006.09.17"]
[EventType "team-tourn"]
[EventRounds "9"]
[EventCountry "GER"]
[SourceTitle "EXT 2008"]
[Source "ChessBase"]
[SourceDate "2007.11.25"]
[SourceVersion "1"]
[SourceVersionDate "2007.11.25"]
[SourceQuality "1"]
[WhiteTeam "Krefeld"]
[BlackTeam "Gelsenkirchen"]
[WhiteTeamCountry "GER"]
[BlackTeamCountry "GER"]

1. Nf3 d6 2. d4 Bg4 3. g3 Bxf3 4. exf3 g6 5. Bg2 Bg7 6. 0-0 c6 7. f4 h5 8. c3 Nh6 9. Nd2 Nf5 10. h4 Nd7 11. Re1 Qc7 12. Nf3 0-0 13. Qc2 b5 14. Bd2 Rab8 15. a4 a6 16. Ra2 c5 17. axb5 axb5 18. dxc5 dxc5 19. Ng5 c4 20. Ne4 Rfd8 21. Rea1 Nc5 22. Ra7 Qc8 23. Nxc5 Qxc5 24. Be4 e6 25. R1a6 Rd6 26. Kg2 Bf6 27. Ra8 Rxa8 28. Rxa8+ Kg7 29. Rb8 Qc7 30. Rxb5 Rxd2 31. Qxd2 Nd6 32. Rb4 Nxe4 33. Qe2 Nd6 34. Qf3 Qc5 35. Qe3 Qd5+ 36. Qf3 Ne4 37. Kh2 Be7 38. Ra4 Nc5 39. Qxd5 exd5 40. Ra7 Bf6 41. Kg2 Nd3 42. Rb7 d4 43. Kf3 dxc3 44. bxc3 Bxc3 45. Rc7 Nb2 46. Ke4 Be1 47. Ke3 Ba5 48. Rc6 c3 49. f5 gxf5 50. Kf4 Nd3+ 51. Kxf5 Ne1 52. Ke4 c2 53. Ke3 Bb6+ 54. Ke2 Bxf2 55. Rc3 Bd4 0-1

[Event "Troisdorf op"]
[Site "Troisdorf"]
[Date "2004.11.23"]
[Round "4"]
[White "Montignies, Rainer"]
[Black "Meissner, Wolf Dieter"]
[Result "0-1"]
[WhiteElo "2019"]
[BlackElo "1998"]
[PlyCount "66"]
[EventDate "2004.11.02"]
[EventType "swiss"]
[EventRounds "7"]
[EventCountry "GER"]
[SourceTitle "EXT 2006"]
[Source "ChessBase"]
[SourceDate "2005.11.24"]
[SourceVersion "1"]
[SourceVersionDate "2005.11.24"]
[SourceQuality "1"]

1. e4 e5 2. Nf3 Nc6 3. Nc3 Nf6 4. a3 Bc5 5. Nxe5 Qe7 6. Nxc6 dxc6 7. d3 Be6 8. Be2 0-0-0 9. 0-0 Rhg8 10. Be3 g5 11. Qd2 g4 12. Bg5 Bd4 13. Be3 h5 14. Bxd4 Rxd4 15. Qe3 Qc5 16. Na2 Qe5 17. c3 Rdd8 18. Qxa7 Bxa2 19. Rxa2 c5 20. Qa8+ Kd7 21. Qxb7 Rb8 22. Qa6 h4 23. d4 Qf4 24. e5 Ne4 25. Bb5+ Ke7 26. Qc6 Rxb5 27. Qxb5 g3 28. Qe2 gxh2+ 29. Kh1 h3 30. g3 Rxg3 31. Raa1 Rg2 32. d5 Rxf2 33. d6+ Kf8 0-1

[Event "Troisdorf op"]
[Site "Troisdorf"]
[Date "2004.11.16"]
[Round "3"]
[White "Schwarz, Andreas"]
[Black "Montignies, Rainer"]
[Result "0-1"]
[WhiteElo "1939"]
[BlackElo "2019"]
[PlyCount "66"]
[EventDate "2004.11.02"]
[EventType "swiss"]
[EventRounds "7"]
[EventCountry "GER"]
[SourceTitle "EXT 2006"]
[Source "ChessBase"]
[SourceDate "2005.11.24"]
[SourceVersion "1"]
[SourceVersionDate "2005.11.24"]
[SourceQuality "1"]

1. d4 Nf6 2. Nf3 g6 3. g3 Bg7 4. Bg2 0-0 5. 0-0 d6 6. Re1 Nbd7 7. e4 e5 8. h3 c6 9. a4 Re8 10. Na3 exd4 11. Nxd4 Nc5 12. Bg5 Nxa4 13. Nc4 Nb6 14. Nxc6 bxc6 15. Nxd6 Re5 16. Be3 Bd7 17. g4 Re7 18. Ra3 Ne8 19. e5 Bxe5 20. Bxb6 axb6 21. Rxa8 Qxa8 22. Nc4 f6 23. g5 Qa7 24. gxf6 Bxf6 25. Rxe7 Bxe7 26. Ne5 Nf6 27. c3 Be6 28. Nxc6 Qc7 29. Qe2 Qd6 30. c4 Bf8 31. b3 Bxh3 32. Bxh3 Qxc6 33. Be6+ Kg7 0-1

[Event "NRW Class2 0405"]
[Site "Germany"]
[Date "2004.10.31"]
[Round "2.4"]
[White "Huelsmann, Josef"]
[Black "Montignies, Rainer"]
[Result "1/2-1/2"]
[WhiteElo "2266"]
[BlackElo "2073"]
[PlyCount "92"]
[EventDate "2004.10.10"]
[EventType "team"]
[EventRounds "9"]
[EventCountry "GER"]
[SourceTitle "EXT 2006"]
[Source "ChessBase"]
[SourceDate "2005.11.24"]
[SourceVersion "1"]
[SourceVersionDate "2005.11.24"]
[SourceQuality "1"]
[WhiteTeam "Monheim"]
[BlackTeam "Krefeld Turm"]
[WhiteTeamCountry "GER"]
[BlackTeamCountry "GER"]

1. d4 d5 2. Nf3 Nf6 3. c4 c6 4. Nbd2 g6 5. g3 Bg7 6. Bg2 0-0 7. 0-0 Bf5 8. Nh4 Be6 9. c5 b6 10. Nb3 Nbd7 11. Qc2 bxc5 12. dxc5 Nb8 13. Be3 Qc8 14. Bd4 Bh3 15. Rfd1 Bxg2 16. Kxg2 Nbd7 17. Nf3 Qc7 18. Bc3 e5 19. Ba5 Qb7 20. e3 Ne4 21. Nfd2 Nxd2 22. Rxd2 f5 23. Bc3 Rae8 24. Na5 Qc7 25. b4 f4 26. exf4 exf4 27. Rd3 Bxc3 28. Rxc3 Ne5 29. f3 Qf7 30. Rf1 fxg3 31. hxg3 Ng4 32. Nxc6 Ne3+ 33. Rxe3 Rxe3 34. Nd4 Qf6 35. Qd2 Qe5 36. Rf2 Re8 37. b5 Re1 38. Nc6 Qh5 39. g4 Qh1+ 40. Kg3 Rg1+ 41. Rg2 Rxg2+ 42. Qxg2 Qe1+ 43. Qf2 Qd1 44. Qd4 Qe1+ 45. Qf2 Qc1 46. Qd4 Qe1+ 1/2-1/2

[Event "NRW Class2 0405"]
[Site "Germany"]
[Date "2004.10.10"]
[Round "1.4"]
[White "Montignies, Rainer"]
[Black "Dahm, Jochen"]
[Result "0-1"]
[WhiteElo "2073"]
[BlackElo "2263"]
[PlyCount "66"]
[EventDate "2004.10.10"]
[EventType "team"]
[EventRounds "9"]
[EventCountry "GER"]
[SourceTitle "EXT 2006"]
[Source "ChessBase"]
[SourceDate "2005.11.24"]
[SourceVersion "1"]
[SourceVersionDate "2005.11.24"]
[SourceQuality "1"]
[WhiteTeam "Krefeld Turm"]
[BlackTeam "Bochum II"]
[WhiteTeamCountry "GER"]
[BlackTeamCountry "GER"]

1. e4 e5 2. Nf3 Nc6 3. Bb5 a6 4. Ba4 Nf6 5. Qe2 b5 6. Bb3 Be7 7. a4 b4 8. a5 0-0 9. 0-0 d5 10. d3 Bg4 11. c3 bxc3 12. bxc3 Rb8 13. Nbd2 d4 14. Bb2 dxc3 15. Bxc3 Bb4 16. Bxb4 Rxb4 17. Bc4 Nd4 18. Qe3 Nc2 19. Qc5 Nd7 20. Qa7 Nxa1 21. Rxa1 Bxf3 22. Nxf3 Qb8 23. Qxb8 Rfxb8 24. g3 Rb1+ 25. Rxb1 Rxb1+ 26. Kg2 Ra1 27. Ng5 Rxa5 28. Nxf7 Kf8 29. Ng5 Nc5 30. Nxh7+ Ke7 31. Kf3 Ra1 32. Ng5 a5 33. Nf7 Nxd3 0-1

[Event "Goch op 15th"]
[Site "Goch"]
[Date "2004.10.02"]
[Round "5"]
[White "Montignies, Rainer"]
[Black "Becker, Marcel"]
[Result "1/2-1/2"]
[WhiteElo "2073"]
[BlackElo "2282"]
[PlyCount "68"]
[EventDate "2004.09.30"]
[EventType "swiss"]
[EventRounds "7"]
[EventCountry "GER"]
[SourceTitle "EXT 2006"]
[Source "ChessBase"]
[SourceDate "2005.11.24"]
[SourceVersion "1"]
[SourceVersionDate "2005.11.24"]
[SourceQuality "1"]

1. e4 e6 2. d4 d5 3. Nd2 c5 4. exd5 Qxd5 5. Ngf3 cxd4 6. Bc4 Qd6 7. 0-0 Nf6 8. Nb3 Nc6 9. Nbxd4 Nxd4 10. Nxd4 a6 11. Re1 Qc7 12. Bb3 Bd6 13. h3 0-0 14. Bg5 Bf4 15. Bxf4 Qxf4 16. c3 b5 17. a4 Bb7 18. axb5 axb5 19. Rxa8 Rxa8 20. Qc1 Qc7 21. Qg5 Ra5 22. Qe5 Qxe5 23. Rxe5 Nd5 24. Bxd5 Bxd5 25. b4 Ra1+ 26. Kh2 Ra2 27. Kg3 f6 28. Re3 g5 29. Nxe6 h5 30. h4 gxh4+ 31. Kxh4 Rxf2 32. Kxh5 Rxg2 33. Nd4 Bc4 34. Kh4 Kf7 1/2-1/2